000 00243nam a2200097Ia 4500
001 795282
005 20250826170725.0
008 250824s9999 xx 000 0 und d
245 0 _aYILANLARIN UYKUSU
_cALEIN KENTIGERNA
260 _bPANAMA YAYINLARI
999 _c795282
_d795282